Notions elémentaires de sciences physiques et naturelles

Saved in:
Bibliographic Details
Main Author: Boell
Other Authors: Sion
Format: Book
Language:French
Published: París, Francia. Gedalge Jeune. 1900
Edition:Tercera edición
Subjects:
Tags: Add Tag
No Tags, Be the first to tag this record!

MARC

LEADER 00000nam a2200000 a 4500
001 UCJ4434
003 CL-VaPUC
005 20211119074523.0
008 070124e19000000FR |||||||||||||||||fre|d
999 |c 320550  |d 320548 
040 |c Pontificia Universidad Católica de Valparaíso 
082 0 4 |a 501 BOE 1900  |2 21 
100 0 |a Boell  |9 508104 
245 1 0 |a Notions elémentaires de sciences physiques et naturelles 
250 |a Tercera edición 
260 0 3 |a París, Francia.  |b Gedalge Jeune.  |c 1900 
300 |a 115 páginas 
583 |a last modification  |c 20070124 00:00:00  |k Rodrigo Vera 
650 0 |a Física   |9 227844 
650 0 |a Química  |9 259896 
650 0 |a Geología   |9 260984 
650 7 |a PALENTOLOGIA  |2 CL-VaPUC  |9 508106 
650 0 |a Volcanes  |9 344502 
700 0 |a Sion  |9 508105 
942 |c BK  |2 ddc 
945 |d 20070124 00:00:00  |a rinostro 
952 |0 0  |1 0  |2 ddc  |4 0  |6 501_000000000000000_BOE_1900  |7 0  |8 X  |9 399093  |a FDOBUD  |b FDOBUD  |d 2019-11-22  |i 1017918  |o 501 BOE 1900  |p 1017918  |r 2019-11-22  |t 1  |w 2019-11-22  |y BK_X  |k BUD